00320 2200145 4500001002100000005001500021035002000036245003500056100001200091300001200103260002500115082000800140084001400148990001200162INLIS00000000000200420250527083808 a0010-05250002961 aMekanika Elektrikal /cSunarno0 aSunarno a185 hlm bPenerbit Andi,c2005 a600 a600 SUN m a0713274